| 000 | 01384nam a2200265Ia 4500 | ||
|---|---|---|---|
| 999 |
_c36644 _d36644 |
||
| 001 | 2564 | ||
| 003 | GE_BSU | ||
| 005 | 20190617150535.0 | ||
| 008 | 181216s2010||||ge |||||||||||||| ||geo|| | ||
| 040 | _cGE_BSU | ||
| 041 | _ageo | ||
| 080 | _a58(479.22) ს–32 | ||
| 245 |
_aსაქართველოს არაადგილობრივი ფლორა= The alien flora of Georgia / _cდავით ქიქოძე, ნინო მემიაძე, დავით ხარაზიშვილი და სხვ. ; ქართ. ტექსტის რედ. ჯონდო ჩიკვაიძე. |
||
| 250 | _aმე–2 გამოცემა | ||
| 264 |
_aთბილისი, _c2010. |
||
| 300 |
_a35 გვ.: _bრუკ., ცხრ., ნახ., სურ. ; _c30სმ. |
||
| 653 | _aბოტანიკა | ||
| 653 | _aსაქართველოს ფლორა | ||
| 700 |
_aქიქოძე, დავით _eავტორი _92518 |
||
| 700 |
_aმემიაძე, ნინო _eავტორი _9334 |
||
| 700 |
_aხარაზიშვილი, დავით _eავტორი _92519 |
||
| 700 |
_aმიულერ-შერერი, ჰაინც _eავტორი _92520 |
||
| 700 |
_aჩიკვაიძე, ჯონდო _eრედაქტორი _92521 |
||
| 942 |
_cBK _2udc |
||